|
|
|
|
| LEADER |
00554nam a22001577a 4500 |
| 020 |
|
|
|a 81-85151-21-0
|
| 082 |
|
|
|a 181.45
|b MIS/P M9
|
| 100 |
|
|
|a D S Mishra
|9 182240
|
| 245 |
|
|
|a Poetry and Philosophy in Sri Aurobindo's Savitri
|
| 250 |
|
|
|a 1st
|
| 260 |
|
|
|a New Delhi;
|b Harman Publishing House;
|c 1989
|
| 300 |
|
|
|a 131p.
|
| 650 |
|
|
|a English; Aurobindo
|9 311139
|
| 942 |
|
|
|c BK
|
| 999 |
|
|
|c 65593
|d 65593
|
| 952 |
|
|
|0 0
|1 0
|4 0
|6 181_450000000000000_MIS_P_M9
|7 0
|8 Arabindo
|9 78260
|a MAL
|b MAL
|d 2016-10-24
|e 38043
|g 110.00
|l 0
|o 181.45 MIS/P M9
|p MAL038043
|r 2016-10-24
|t 1
|w 2016-10-24
|y BK
|